The Hunchback of Notre Dame : (Record no. 110365)
[ view plain ]
| 000 -LEADER | |
|---|---|
| fixed length control field | 00331nam a2200121 a 4500 |
| 005 - DATE AND TIME OF LATEST TRANSACTION | |
| control field | 20140414131854.0 |
| 008 - FIXED-LENGTH DATA ELEMENTS--GENERAL INFORMATION | |
| fixed length control field | 100817s19uu xx 00 eng d |
| 050 ## - LIBRARY OF CONGRESS CALL NUMBER | |
| Classification number | M 793.73 |
| Item number | M17 2008 |
| 100 ## - MAIN ENTRY--PERSONAL NAME | |
| Personal name | McGill, Nancy |
| 245 ## - TITLE STATEMENT | |
| Title | The Hunchback of Notre Dame : |
| Remainder of title | Look and Find. |
| 260 ## - PUBLICATION, DISTRIBUTION, ETC. (IMPRINT) | |
| Place of publication, distribution, etc | Illinois : |
| Name of publisher, distributor, etc | Disney, |
| Date of publication, distribution, etc | 1996. |
| Withdrawn status | Lost status | Damaged status | Home library | Current library | Shelving location | Date acquired | Total Checkouts | Full call number | Barcode | Date last seen | Price effective from | Koha item type |
|---|---|---|---|---|---|---|---|---|---|---|---|---|
| Munich Library | Munich Library | Main Section | 08/17/2010 | M 793.73 M17 2008 | M0756 | 04/14/2014 | 04/14/2014 | Books |